| 000 | 01030njm a22002177a 4500 | ||
|---|---|---|---|
| 005 | 20100831113251.0 | ||
| 006 | a|||||r|||||00| 0 | ||
| 007 | sd ammalaaahaa | ||
| 008 | 100831t xxu||||| |||| 00| 0 hin d | ||
| 028 |
_aBEX 258 _bColumbia |
||
| 035 | _aGR-58 | ||
| 040 | _aSED/VEN | ||
| 100 |
_aAbdul Karim Khan _917643 |
||
| 245 |
_aPiya Bin Nahi Aawat Chain Part 1 : _b(JhiJhitee Thumri Aadataal) / _cBy Abdul Karim Khan |
||
| 246 | _aपिया बीन नाही आवत चैन (झिझिटी ठुमरी आदाताल) /अब्दुल करीम खान द्वारा | ||
| 300 |
_a1 Sound Disc (Gramophone Record) _balong, 33 1/3 rpm _c12 (Lp) _fGramophone Record |
||
| 500 | _aBrief Record | ||
| 505 | _afagwa beej dekhanka basant khayal jald tritala (फगवा बीज देखनका बसंत ख्याल जलद त्रिताला) भाग २ | ||
| 942 |
_2ddc _cGR |
||
| 999 |
_c43208 _d43208 |
||